[Event "It (open)"]
[Site "masterchessopen.com Mancha (Spain)"]
[Round "3"]
[White "Baron Rodriguez Jorge (ESP)"]
[Black "Estremera Panos Sergio (ESP)"]
[Result "0-1"]
[WhiteElo "2251"]
[BlackElo "2364"]

1.e4 c5 2.Nf3 d6 3.d4 cxd4 4.Nxd4 Nf6 5.Nc3 Nc6 6.Bg5 e6 7.Qd2 a6 8.O-O-O Bd7
9.f4 Qc7 10.Bxf6 gxf6 11.f5 O-O-O 12.Kb1 Kb8 13.g3 h5 14.Bh3 Nxd4 15.Qxd4 Be7
16.Na4 e5 17.Qb4 Bc6 18.Nc3 d5 19.Qb3 dxe4 20.Bg2 Rxd1+ 21.Rxd1 Rd8 22.Re1 e3
23.Ne4 e2 24.c4 Qa5 25.Rxe2 Ba4 {#R} 0-1

[Event "It (cat.2)"]
[Site "masterchessopen.com Miercurea Ciuc (Romania)"]
[Round "7"]
[White "Feher Gyula (HUN)"]
[Black "Bromberger Stefan (GER)"]
[Result "1-0"]
[WhiteElo "2400"]
[BlackElo "2375"]

1.e4 c5 2.Nf3 d6 3.d4 cxd4 4.Nxd4 Nf6 5.Nc3 Nc6 6.Bg5 e6 7.Qd2 a6 8.O-O-O Bd7
9.f3 Be7 10.h4 b5 11.Nxc6 Bxc6 12.Ne2 O-O 13.Kb1 Rc8 14.Nd4 Bb7 15.g4 Rc7
16.Bd3 Re8 17.c3 g6 18.Qh2 e5 19.Nc2 Qc8 20.Ne3 Kg7 21.Rdg1 Rh8 22.h5 h6
23.hxg6 fxg6 24.Bxh6+ Kf7 25.Nd5 Nxd5 26.exd5 Qg8 27.Be4 Ke8 28.Qd2 g5 29.Rh5
Bf6 30.Rgh1 Ke7 31.Bxg5 {#r} 1-0

[Event "Ch Manhattan Chess Club"]
[Site "masterchessopen.com New York (USA)"]
[Round "4"]
[White "Cadman Chuck (USA)"]
[Black "Fernandez John C (USA)"]
[Result "1-0"]
[WhiteElo "2217"]
[BlackElo "2044"]

1.e4 c5 2.Nf3 d6 3.d4 cxd4 4.Nxd4 Nf6 5.Nc3 Nc6 6.Bg5 e6 7.Qd2 a6 8.O-O-O Bd7
9.f4 h6 10.Bxf6 Qxf6 11.Nf3 Qd8 12.Bc4 Qa5 13.f5 Be7 14.Qe1 Ne5 15.Bb3 Nxf3
16.gxf3 Qe5 17.Qf2 g5 18.Qb6 Bc6 19.Kb1 O-O 20.Ne2 exf5 21.Ng3 Bf6 22.c3 fxe4
23.fxe4 Bxe4+ 24.Nxe4 Qxe4+ 25.Bc2 Qe7 26.Rxd6 Bg7 27.h4 Rfd8 28.Rxh6 Bxh6
29.Qxh6 f6 30.Bb3+ {#r} 1-0

[Event "It (open)"]
[Site "masterchessopen.com New York (USA)"]
[Round "1"]
[White "Galkin Alexander (RUS)"]
[Black "Aboudi M (JOR)"]
[Result "1-0"]
[WhiteElo "2587"]
[BlackElo "2166"]

1.e4 c5 2.Nf3 Nc6 3.d4 cxd4 4.Nxd4 Nf6 5.Nc3 d6 6.Bg5 e6 7.Qd2 a6 8.O-O-O Bd7
9.f4 b5 10.Bxf6 gxf6 11.Kb1 Qb6 12.Nxc6 Bxc6 13.Bd3 O-O-O 14.Rhe1 h5 15.Re3 h4
16.Rh3 d5 17.exd5 Bxd5 18.Nxd5 Rxd5 19.Qe1 f5 20.Qc3+ {#r} 1-0

[Event "It (open)"]
[Site "masterchessopen.com New York (USA)"]
[Round "2"]
[White "Kreiman Boris (USA)"]
[Black "Arnett David A (USA)"]
[Result "1-0"]
[WhiteElo "2503"]
[BlackElo "2311"]

1.e4 c5 2.Nf3 Nc6 3.d4 cxd4 4.Nxd4 Nf6 5.Nc3 d6 6.Bg5 e6 7.Qd2 a6 8.O-O-O Bd7
9.f4 h6 10.Bxf6 Qxf6 11.Nxc6 Bxc6 12.Qe3 Be7 13.Kb1 O-O 14.h4 Rae8 15.Bd3 Bd8
16.g4 d5 17.g5 d4 18.Qg3 Qe7 19.gxh6 f5 20.Bc4 Rf6 21.Rxd4 Rxh6 22.Rhd1 Kh8
23.Qg5 {#r} 1-0

[Event "It (open)"]
[Site "masterchessopen.com Nova Gorica (Slovenia)"]
[Round "7"]
[White "Filipenko Alexander V (RUS)"]
[Black "Kozul Zdenko (CRO)"]
[Result "0-1"]
[WhiteElo "2373"]
[BlackElo "2611"]

1.e4 c5 2.Nf3 Nc6 3.d4 cxd4 4.Nxd4 Nf6 5.Nc3 d6 6.Bg5 e6 7.Qd2 a6 8.O-O-O Bd7
9.f3 Qc7 10.Kb1 Rb8 11.f4 b5 12.Nxc6 Qxc6 13.Bxf6 gxf6 14.Bd3 b4 15.Ne2 h5
16.Qe1 a5 17.Qh4 a4 18.Qxf6 Rg8 19.g3 Bg7 20.Qg5 Kf8 21.Qxh5 Rh8 22.Qf3 Qc5
23.g4 Ke7 24.h4 Rhc8 25.Rh3 b3 26.axb3 axb3 27.c3 Qa5 28.Rh2 Qa2+ 29.Kc1 Bxc3
{#R} 0-1

[Event "It (open)"]
[Site "masterchessopen.com Pardubice (Czech Republic)"]
[Round "3"]
[White "Stefansson Hannes (ISL)"]
[Black "Jandovsky Viktor (CZE)"]
[Result "1-0"]
[WhiteElo "2557"]
[BlackElo "2195"]

1.e4 c5 2.Nf3 Nc6 3.d4 cxd4 4.Nxd4 Nf6 5.Nc3 d6 6.Bg5 e6 7.Qd2 a6 8.O-O-O Bd7
9.f3 Be7 10.h4 b5 11.Nxc6 Bxc6 12.g4 h6 13.Be3 b4 14.Ne2 Qa5 15.Kb1 e5 16.Ng3
d5 17.Nf5 Bf8 18.Bh3 d4 19.g5 hxg5 20.hxg5 Nd7 21.Nxd4 exd4 22.Bxd7+ Bxd7
23.Rxh8 Be6 24.b3 {#r} 1-0

[Event "It (open) \"]
[Site "masterchessopen.com Plzen (Czech Republic)"]
[Round "0"]
[White "Hrbolka Ladislav Jr (CZE)"]
[Black "Menacher Manfred (GER)"]
[Result "0-1"]
[WhiteElo "2165"]
[BlackElo "2315"]

1.e4 c5 2.Nf3 Nc6 3.Nc3 d6 4.d4 cxd4 5.Nxd4 Nf6 6.Bg5 e6 7.Qd2 a6 8.O-O-O Bd7
9.f3 Qc7 10.g4 O-O-O 11.Be3 h6 12.Qf2 Re8 13.Nb3 Kb8 14.Bb6 Qc8 15.Na4 e5
16.Na5 Nd4 17.Bxd4 Bxa4 18.Ba7+ Ka8 19.b3 Bd7 20.Nc4 Qc6 21.Rd3 Bxg4 22.Na5
Qb5 23.Rd5 Qb4 24.a3 Qc3 25.Nxb7 Nxd5 26.exd5 Bf5 {#R} 0-1

[Event "Ch Romania (1/2 final)"]
[Site "masterchessopen.com Tusnad (Romania)"]
[Round "8"]
[White "Lupulescu Constantin (ROM)"]
[Black "Sima Marian (ROM)"]
[Result "1-0"]
[WhiteElo "2389"]
[BlackElo "2293"]

1.e4 c5 2.Nf3 Nc6 3.d4 cxd4 4.Nxd4 Nf6 5.Nc3 d6 6.Bg5 e6 7.Qd2 a6 8.O-O-O Bd7
9.f4 h6 10.Bh4 Nxe4 11.Qe1 g5 12.Nxe4 Nxd4 13.fxg5 Nf5 14.Nf6+ Ke7 15.Nd5+ Ke8
16.Nf6+ Ke7 17.Bf2 Bg7 18.g4 hxg5 19.Nxd7 Qxd7 20.gxf5 Qa4 21.Kb1 Rac8 22.Bd3
Rh3 23.Bg3 Rc6 24.fxe6 fxe6 25.Qe4 Qa5 26.Qg6 Bd4 27.Rhf1 Rh8 28.Rf7+ Kd8
29.Qxe6 {#r} 1-0

[Event "Ch Romania (1/2 final) (w)"]
[Site "masterchessopen.com Tusnad (Romania)"]
[Round "9"]
[White "Teodorescu Anca (ROM)"]
[Black "Istrati Viorica (ROM)"]
[Result "0-1"]
[WhiteElo "1975"]
[BlackElo "2121"]

1.e4 c5 2.Nf3 d6 3.d4 cxd4 4.Nxd4 Nf6 5.Nc3 a6 6.Bg5 e6 7.Qd2 Bd7 8.O-O-O Nc6
9.f4 h6 10.Bxf6 Qxf6 11.g3 Qd8 12.Bg2 Be7 13.Kb1 Na5 14.Nb3 Nc4 15.Qd4 Rc8
16.Nd2 Bf6 17.e5 dxe5 18.Qd3 Nxb2 19.Kxb2 Rxc3 20.Qd6 exf4 21.Ne4 Rd3+ 22.Kc1
Rxd6 23.Nxd6+ Kf8 24.Nxb7 Qc7 {#R} 0-1

[Event "Ch France (accession)"]
[Site "masterchessopen.com Vichy (France)"]
[Round "1"]
[White "Lamorelle Julien (FRA)"]
[Black "Marcelin Cyril (FRA)"]
[Result "0-1"]
[WhiteElo "2209"]
[BlackElo "2433"]

1.e4 c5 2.Nf3 Nc6 3.d4 cxd4 4.Nxd4 Nf6 5.Nc3 d6 6.Bg5 e6 7.Qd2 a6 8.O-O-O Bd7
9.Nb3 b5 10.f3 h6 11.Be3 Rc8 12.Bd3 Ne5 13.Qe2 Qc7 14.Bd4 Be7 15.f4 b4 16.Nb1
Nxd3+ 17.Qxd3 Bb5 18.Qd2 Nxe4 {#R} 0-1

[Event "It (open)"]
[Site "masterchessopen.com Vlissingen (Netherlands)"]
[Round "4"]
[White "David Alberto (LUX)"]
[Black "Van Den Berg Ad (NED)"]
[Result "1-0"]
[WhiteElo "2487"]
[BlackElo "2202"]

1.e4 c5 2.Nf3 Nc6 3.d4 cxd4 4.Nxd4 Nf6 5.Nc3 d6 6.Bg5 e6 7.Qd2 a6 8.O-O-O Bd7
9.f4 h6 10.Bh4 Nxe4 11.Qe1 Nf6 12.Nf5 Qa5 13.Nxd6+ Bxd6 14.Rxd6 O-O-O 15.Rd1
g5 16.fxg5 hxg5 17.Bg3 Rh6 18.Bc4 Be8 19.Rxd8+ Qxd8 20.Qe2 Qa5 21.Rd1 Bd7
22.Qd3 Nd5 23.Bxd5 exd5 24.Nxd5 Bg4 25.Qe3 Re6 26.Nb6+ {#r} 1-0

[Event "It (open)"]
[Site "masterchessopen.com Bad Salzuflen (Germany)"]
[Date "2000.04.25"]
[Round "4"]
[White "Koscielski Janus Darius (GER)"]
[Black "Shishkin Vadim (UKR)"]
[Result "1-0"]
[WhiteElo "2359"]
[BlackElo "2415"]

1.e4 c5 2.Nf3 Nc6 3.d4 cxd4 4.Nxd4 Nf6 5.Nc3 d6 6.Bg5 e6 7.Qd2 a6 8.O-O-O Bd7
9.f4 b5 10.Bxf6 gxf6 11.Kb1 b4 12.Nce2 Qb6 13.Nf3 a5 14.Ned4 Nxd4 15.Nxd4 Rc8
16.Be2 Be7 17.e5 d5 18.Rhe1 O-O 19.Qe3 fxe5 20.fxe5 f6 21.Bd3 Rf7 22.exf6 Rxf6
23.Qg3+ Kh8 24.Qh3 h6 25.Nf5 Bf8 26.Nh4 Be8 27.Rf1 Rxf1 28.Rxf1 Bg7 29.Nf5 Bg6
30.Nxg7 Kxg7 31.Qg4 {#r} 1-0

[Event "It (open)"]
[Site "masterchessopen.com Bad Salzuflen (Germany)"]
[Date "2000.04.27"]
[Round "6"]
[White "Wegener Olaf (GER)"]
[Black "Shishkin Vadim (UKR)"]
[Result "0-1"]
[WhiteElo "2336"]
[BlackElo "2415"]

1.e4 c5 2.Nf3 Nc6 3.d4 cxd4 4.Nxd4 Nf6 5.Nc3 d6 6.Bg5 e6 7.Qd2 a6 8.O-O-O Bd7
9.f4 b5 10.Bxf6 gxf6 11.Kb1 b4 12.Nce2 Qb6 13.g3 Be7 14.Bg2 a5 15.Rhe1 Rc8
16.Nxc6 Bxc6 17.Nd4 O-O 18.e5 Bxg2 19.exd6 Bxd6 20.Qxg2 a4 21.Qe2 Bc5 22.f5 e5
23.Qg4+ Kh8 24.Nf3 b3 25.Qxa4 bxc2+ 26.Qxc2 Bf2 27.Qe2 Bxe1 28.Rxe1 Rfd8 29.g4
Qd6 {#R} 0-1

[Event "It (open)"]
[Site "masterchessopen.com Imperia (Italy)"]
[Date "2000.09.09"]
[Round "8"]
[White "Massa Giovanni (ITA)"]
[Black "Jandovsky Viktor (CZE)"]
[Result "1-0"]
[WhiteElo "2132"]
[BlackElo "2195"]

1.e4 c5 2.Nf3 Nc6 3.d4 cxd4 4.Nxd4 Nf6 5.Nc3 d6 6.Bg5 e6 7.Qd2 a6 8.O-O-O Bd7
9.f3 b5 10.g4 Be7 11.Be3 h6 12.Bd3 Nxd4 13.Bxd4 b4 14.Ne2 e5 15.Be3 d5 16.exd5
Nxd5 17.Bf5 Be6 18.Be4 Qa5 19.Bxd5 O-O-O 20.c4 Qxa2 21.Qd3 Kb8 22.Qb1 Qb3
23.Rd3 Qa4 24.Rhd1 Rc8 25.b3 Qa5 26.Ng3 Bxd5 27.Rxd5 Qa3+ 28.Qb2 Rxc4+ 29.bxc4
Qxe3+ 30.Kb1 {#r} 1-0

[Event "It (open)"]
[Site "masterchessopen.com Andorra"]
[Round "7"]
[White "Aleksieva Silvia (FRA)"]
[Black "Campos Moreno Javier B (CHI)"]
[Result "0-1"]
[WhiteElo "2366"]
[BlackElo "2500"]

1.e4 c5 2.Nf3 Nc6 3.d4 cxd4 4.Nxd4 Nf6 5.Nc3 d6 6.Bg5 e6 7.Qd2 a6 8.O-O-O Bd7
9.f4 b5 10.Bxf6 gxf6 11.Nf3 b4 12.Ne2 h5 13.g3 Qb6 14.Ned4 Nxd4 15.Nxd4 a5
16.Kb1 a4 17.Bg2 a3 18.b3 Rc8 19.Rhf1 Bg7 20.Rf3 Qc5 21.Bf1 f5 22.e5 O-O
23.Rd3 Rfd8 24.exd6 Be8 25.Nf3 Bb5 26.d7 Rc7 27.Rd6 Rcxd7 28.Bxb5 Rxd6 29.Bd3
Rd5 30.c4 Rxd3 {#R} 0-1

[Event "Staatsliga B East 2000/01"]
[Site "masterchessopen.com Austria"]
[Round "9"]
[White "Vlcek Stanislav (SVK)"]
[Black "Wirius Stefan (AUT)"]
[Result "1-0"]
[WhiteElo "2238"]
[BlackElo "2354"]

1.e4 c5 2.Nf3 d6 3.d4 cxd4 4.Nxd4 Nf6 5.Nc3 Nc6 6.Bg5 e6 7.Qd2 a6 8.O-O-O Bd7
9.f4 h6 10.Bh4 g5 11.fxg5 Ng4 12.Nf3 hxg5 13.Bg3 Be7 14.Be2 Nge5 15.Rhf1 Rc8
16.Kb1 f6 17.h4 gxh4 18.Rh1 Rg8 19.Nxe5 dxe5 20.Bxh4 Kf8 21.Qh6+ Rg7 22.Qh8+
Rg8 23.Qh6+ Rg7 24.Bh5 f5 25.Qh8+ Rg8 26.Qh6+ Rg7 27.Bxe7+ Nxe7 28.Qf6+ Kg8
29.Bf7+ Kf8 30.Bxe6+ {#r} 1-0

[Event "It (open)"]
[Site "masterchessopen.com Bad Wildbad (Germany)"]
[Round "4"]
[White "Krieger Hermann (GER)"]
[Black "Reichenbacher Gerhard (GER)"]
[Result "1-0"]
[WhiteElo "2204"]
[BlackElo "1840"]

1.e4 c5 2.Nf3 Nc6 3.d4 cxd4 4.Nxd4 Nf6 5.Nc3 d6 6.Bg5 e6 7.Qd2 a6 8.O-O-O Bd7
9.f3 Be7 10.Kb1 Nxd4 11.Qxd4 Qa5 12.h4 b5 13.e5 dxe5 14.Qxe5 Bc6 15.Bd3 h6
16.Be3 O-O 17.Qg3 Nd5 18.Bd4 Bf6 19.Nxd5 Bxd5 20.Bxf6 {#r} 1-0

[Event "Tournament (qual. European ch)"]
[Site "masterchessopen.com Baku (Azerbaijan)"]
[Round "1"]
[White "Guliev Logman (AZE)"]
[Black "Gasimov Ragim (AZE)"]
[Result "1-0"]
[WhiteElo "2383"]
[BlackElo "2375"]

1.e4 c5 2.Nf3 Nc6 3.Nc3 Nf6 4.d4 cxd4 5.Nxd4 d6 6.Bg5 e6 7.Qd2 a6 8.O-O-O Bd7
9.f4 h6 10.Bxf6 Qxf6 11.Nf3 g5 12.g3 O-O-O 13.Kb1 Be7 14.Qe3 Qg7 15.Qb6 Nb8
16.Nd4 Be8 17.Bc4 Nd7 18.Qa5 Nc5 19.b4 Nxe4 20.Nxe4 d5 21.Nc5 dxc4 22.Ncxe6
{#r} 1-0

[Event "Ch Europe (team) (juniors) (under 18)"]
[Site "masterchessopen.com Balatonlelle (Hungary)"]
[Round "5"]
[White "Baramidze David (GER)"]
[Black "Lupulescu Constantin (ROM)"]
[Result "0-1"]
[WhiteElo "2335"]
[BlackElo "2467"]

1.e4 c5 2.Nf3 d6 3.d4 cxd4 4.Nxd4 Nf6 5.Nc3 Nc6 6.Bg5 e6 7.Qd2 a6 8.O-O-O Bd7
9.f4 b5 10.Bxf6 gxf6 11.Be2 b4 12.Nxc6 Bxc6 13.Nd5 exd5 14.exd5 Bb5 15.Rhe1
Be7 16.Bh5 f5 17.g4 O-O 18.gxf5 Bf6 19.Re3 Rb8 20.Rg1+ Kh8 21.Rh3 Qb6 22.Qg2
Qd4 23.Bg6 Qxb2+ 24.Kd1 Qa1+ 25.Kd2 Bc3+ 26.Ke3 Rbe8+ 27.Kf3 Be2+ 28.Qxe2 Qxg1
{#R} 0-1

[Event "It (open)"]
[Site "masterchessopen.com Bled (Slovenia)"]
[Round "8"]
[White "Breder Dennis (GER)"]
[Black "Kozul Zdenko (CRO)"]
[Result "0-1"]
[WhiteElo "2441"]
[BlackElo "2569"]

1.e4 c5 2.Nf3 d6 3.d4 cxd4 4.Nxd4 Nf6 5.Nc3 Nc6 6.Bg5 e6 7.Qd2 a6 8.O-O-O Bd7
9.f4 b5 10.Bxf6 gxf6 11.Kb1 Qb6 12.Nxc6 Bxc6 13.Qe1 Ra7 14.f5 h5 15.Qh4 Be7
16.Ne2 Rc7 17.Nd4 Bd7 18.Be2 e5 19.Nb3 a5 20.Bxh5 Kf8 21.Rd3 Be8 22.Nd2 b4
23.Rc1 Bb5 24.c4 bxc3 25.Rdxc3 Rxc3 26.Rxc3 Bd8 27.g4 Qg1+ 28.Kc2 Be2 {#R} 0-1

[Event "Ch Europe (juniors) (under 18) (g)"]
[Site "masterchessopen.com Chalkidiki (Greece)"]
[Round "8"]
[White "Tidman Sophie E (ENG)"]
[Black "Tutulan Mihaela (ROM)"]
[Result "1-0"]
[WhiteElo "2119"]
[BlackElo "2012"]

1.e4 c5 2.Nf3 d6 3.d4 cxd4 4.Nxd4 Nf6 5.Nc3 Nc6 6.Bg5 e6 7.Qd2 a6 8.O-O-O Bd7
9.f4 b5 10.e5 dxe5 11.fxe5 Nxe5 12.Qe2 Ng6 13.Ne4 Be7 14.Nc6 Qc7 15.Nxe7 Kxe7
16.Qf3 Qe5 17.Bxf6+ gxf6 18.Qa3+ Kd8 19.Nc5 Qf4+ 20.Kb1 Ne5 21.Bxb5 Ra7
22.Rhf1 Qg4 23.h3 Qxg2 24.Bxd7 Nxd7 25.Qa4 Ke7 26.Rxd7+ Rxd7 27.Qxd7+ {#r} 1-0

[Event "Ch Russia (juniors) (under 16)"]
[Site "masterchessopen.com Cherepovets (Russia)"]
[Round "0"]
[White "Kurnosov Igor (RUS)"]
[Black "Anisimov Pavel (RUS)"]
[Result "0-1"]
[WhiteElo "2424"]
[BlackElo "2405"]

1.e4 c5 2.Nf3 d6 3.d4 cxd4 4.Nxd4 Nf6 5.Nc3 Nc6 6.Bg5 e6 7.Qd2 a6 8.O-O-O Bd7
9.f3 Be7 10.g4 Qc7 11.Be3 h6 12.h4 Ne5 13.Qg2 b5 14.g5 Nh5 15.f4 b4 16.Nb1 Ng6
17.e5 Rc8 18.gxh6 dxe5 19.hxg7 Nxg7 20.Bxa6 exd4 21.Bxc8 Bc6 22.Qf1 dxe3
23.Ba6 Bxh1 24.Qxh1 Bd6 25.Qg2 Rh5 26.f5 Rxf5 27.Bd3 Nf4 28.Qxg7 Nxd3+ 29.Rxd3
Rf1+ 30.Rd1 e2 31.Qg8+ Bf8 {#R} 0-1

[Event "Ch Netherlands (open)"]
[Site "masterchessopen.com Dieren (Netherlands)"]
[Round "7"]
[White "Werle Jan (NED)"]
[Black "Krivoshey Sergei (UKR)"]
[Result "1-0"]
[WhiteElo "2459"]
[BlackElo "2461"]

1.e4 c5 2.Nf3 Nc6 3.d4 cxd4 4.Nxd4 Nf6 5.Nc3 d6 6.Bg5 e6 7.Qd2 a6 8.O-O-O Bd7
9.f3 Rc8 10.Kb1 Be7 11.h4 h5 12.Nxc6 Bxc6 13.Bd3 b5 14.Ne2 Qb6 15.Ng3 a5 16.f4
Rd8 17.Qe2 g6 18.f5 Ng4 19.fxg6 fxg6 20.e5 Nxe5 21.Bxg6+ Nxg6 22.Qxe6 Qf2
23.Nf5 Qxf5 24.Qxf5 Rg8 25.Rhe1 Rd7 26.Bxe7 Nxe7 27.Rxe7+ Rxe7 28.Qc8+ {#r}
1-0

[Event "Ch Finland (team) 2001/02"]
[Site "masterchessopen.com Finland"]
[Round "2"]
[White "Kokkila Tero (FIN)"]
[Black "Maki-Uuro Miikka (FIN)"]
[Result "0-1"]
[WhiteElo "2308"]
[BlackElo "2342"]

1.e4 c5 2.Nf3 d6 3.d4 cxd4 4.Nxd4 Nf6 5.Nc3 Nc6 6.Bg5 e6 7.Qd2 a6 8.O-O-O Bd7
9.f4 h6 10.Bxf6 Qxf6 11.Nf3 Qd8 12.g4 Qa5 13.Rg1 O-O-O 14.Kb1 Be7 15.g5 hxg5
16.Nxg5 Be8 17.Rg3 Rh5 18.f5 exf5 19.Bh3 Bxg5 {#R} 0-1

[Event "Ch Finland (team) 2001/02"]
[Site "masterchessopen.com Finland"]
[Round "5"]
[White "Linnanen Lassi (FIN)"]
[Black "Fieandt John (FIN)"]
[Result "1-0"]
[WhiteElo "2188"]
[BlackElo "2204"]

1.e4 c5 2.Nf3 d6 3.Nc3 Nc6 4.d4 cxd4 5.Nxd4 Nf6 6.Bg5 e6 7.Qd2 a6 8.O-O-O Bd7
9.f4 b5 10.Nxc6 Bxc6 11.Qe3 Be7 12.Kb1 b4 13.Bxf6 Bxf6 14.e5 bxc3 15.exf6 Qxf6
16.Rxd6 Rd8 17.Rxd8+ Qxd8 18.Bxa6 cxb2 19.Qc3 Bxg2 20.Bb5+ Ke7 21.Qc5+ Qd6
22.Qg5+ {#r} 1-0

[Event "Ch Finland (team) 2001/02"]
[Site "masterchessopen.com Finland"]
[Round "5"]
[White "Tella Jussi (FIN)"]
[Black "Pulkkinen Kari (FIN)"]
[Result "1-0"]
[WhiteElo "2426"]
[BlackElo "2319"]

1.e4 c5 2.Nf3 d6 3.d4 cxd4 4.Nxd4 Nf6 5.Nc3 Nc6 6.Bg5 e6 7.Qd2 a6 8.O-O-O Bd7
9.f4 h6 10.Bh4 g5 11.fxg5 Ng4 12.Be2 Nge5 13.Nf3 Be7 14.Rhg1 b5 15.Rdf1 Rc8
16.Kb1 b4 17.Nd1 a5 18.b3 a4 19.Nb2 axb3 20.cxb3 Ra8 21.Nc4 Nxc4 22.Bxc4 hxg5
23.Bxg5 Bxg5 24.Nxg5 Ne5 25.Qf4 Qa5 26.Rf2 Rf8 27.Bxe6 f6 28.Bxd7+ Nxd7 29.Ne6
{#r} 1-0

[Event "It (open)"]
[Site "masterchessopen.com Helsinki (Finland)"]
[Round "1"]
[White "Alkkiomaki Jyrki (FIN)"]
[Black "Pulkkinen Kari (FIN)"]
[Result "0-1"]
[WhiteElo "2031"]
[BlackElo "2319"]

1.e4 c5 2.Nf3 d6 3.d4 cxd4 4.Nxd4 Nf6 5.Nc3 Nc6 6.Bg5 e6 7.Qd2 a6 8.O-O-O Bd7
9.f4 h6 10.Bh4 g5 11.fxg5 Ng4 12.Qe1 hxg5 13.Bg3 Nxd4 14.Rxd4 Qb6 15.Qd1 Rd8
16.Be2 Ne5 17.Rf1 Be7 18.Bh5 Ng6 19.Bxg6 fxg6 20.Bxd6 Bxd6 21.Rxd6 Qe3+ 22.Kb1
Rxh2 23.Rd3 Qc5 24.Qf3 Qe7 25.Nd5 exd5 26.exd5 Be6 27.Re3 Rxd5 28.Rxe6 Qxe6
29.Qf8+ Kd7 30.Qb8 Rh4 31.Qxb7+ Ke8 {#R} 0-1

[Event "Ch Hungary (team) 2000/01"]
[Site "masterchessopen.com Hungary"]
[Round "8"]
[White "Sax Gyula (HUN)"]
[Black "Banas Jan (SVK)"]
[Result "1-0"]
[WhiteElo "2593"]
[BlackElo "2362"]

1.e4 c5 2.Nf3 d6 3.d4 cxd4 4.Nxd4 Nf6 5.Nc3 Nc6 6.Bg5 e6 7.Qd2 a6 8.O-O-O Bd7
9.f3 Nxd4 10.Qxd4 Be7 11.h4 Bc6 12.g4 h6 13.Be3 Nd7 14.Kb1 Bxh4 15.Qxd6 Bf6
16.Qd2 g5 17.f4 gxf4 18.Bxf4 Qa5 19.Rh3 O-O-O 20.Nb5 Ne5 21.Na7+ {#r} 1-0

[Event "Ch Hungary (team) 2000/01 (2 liga)"]
[Site "masterchessopen.com Hungary"]
[Round "9"]
[White "Neber Akos (HUN)"]
[Black "Kelemen Gabor (HUN)"]
[Result "0-1"]
[WhiteElo "2205"]
[BlackElo "2221"]

1.e4 c5 2.Nf3 Nc6 3.d4 cxd4 4.Nxd4 Nf6 5.Nc3 d6 6.Bg5 e6 7.Qd2 a6 8.O-O-O Bd7
9.f3 b5 10.Kb1 Qb8 11.g4 h5 12.gxh5 b4 13.Nce2 Nxh5 14.Nxc6 Bxc6 15.Nd4 Bd7
16.Bc4 Qc7 17.Qd3 Be7 18.Rhg1 Nf6 19.f4 Bc6 20.e5 Be4 21.Qe2 d5 22.Bxa6 Kf8
23.Bd3 Qa7 24.Nb3 Qxa2+ 25.Kc1 Bxd3 26.Rxd3 Ne4 27.Bxe7+ Kxe7 28.Rxg7 Qa1+
{#R} 0-1

[Event "It (open)"]
[Site "masterchessopen.com Karvina (Czech Republic)"]
[Round "6"]
[White "Ciuksyte Zivile (LTU)"]
[Black "Firt Stanislav (CZE)"]
[Result "0-1"]
[WhiteElo "2121"]
[BlackElo "2351"]

1.e4 c5 2.Nf3 d6 3.d4 cxd4 4.Nxd4 Nf6 5.Nc3 Nc6 6.Bg5 e6 7.Qd2 a6 8.O-O-O Bd7
9.f4 b5 10.Bxb5 axb5 11.Ndxb5 Nb4 12.Nxd6+ Bxd6 13.Qxd6 Nxa2+ 14.Nxa2 Rxa2
15.Bxf6 gxf6 16.Kb1 Ra7 17.b3 Qc7 18.c4 Rg8 19.g3 Bc6 20.Rhe1 Qb6 21.Qd3 Rb7
22.Kc2 Rd7 23.Qe2 Ra7 24.Rb1 Ke7 25.Rb2 Rd8 26.e5 f5 27.Rd1 Be4+ 28.Kc3 Rxd1
29.Qxd1 Qe3+ {#R} 0-1

[Event "It"]
[Site "masterchessopen.com Krasnodar (Russia)"]
[Round "0"]
[White "Dashko Andrey (RUS)"]
[Black "Brodsky Michail (UKR)"]
[Result "0-1"]
[WhiteElo "2408"]
[BlackElo "2526"]

1.e4 c5 2.Nf3 d6 3.d4 cxd4 4.Nxd4 Nf6 5.Nc3 Nc6 6.Bg5 e6 7.Qd2 a6 8.O-O-O Bd7
9.f4 b5 10.Nxc6 Bxc6 11.Qe3 Be7 12.Bxf6 gxf6 13.f5 h5 14.fxe6 fxe6 15.Bd3 Qc7
16.Rhe1 Qa7 17.Qh3 Bd7 18.e5 fxe5 19.Bg6+ Kd8 20.Bf7 Rh6 21.Rxe5 dxe5 22.Bxe6
Rxe6 23.Qxe6 Rc8 24.Ne4 Rc4 25.Nf6 Rd4 26.Qg8+ Kc7 27.Nd5+ Kd6 28.Nc3 Rxd1+
29.Nxd1 Qd4 30.Qb8+ Kc6 31.Qa8+ Kc7 {#R} 0-1

[Event "Ch Europe (team)"]
[Site "masterchessopen.com Leon (Spain)"]
[Round "4"]
[White "Gunnarsson Jon Viktor (ISL)"]
[Black "Damaso Rui (POR)"]
[Result "1-0"]
[WhiteElo "2386"]
[BlackElo "2414"]

1.e4 c5 2.Nf3 Nc6 3.d4 cxd4 4.Nxd4 Nf6 5.Nc3 d6 6.Bg5 e6 7.Qd2 a6 8.O-O-O Bd7
9.f3 Rb8 10.g4 b5 11.Be3 Nxd4 12.Bxd4 b4 13.Ne2 e5 14.Ba7 Rb7 15.Be3 Be6
16.Kb1 a5 17.g5 Nd7 18.f4 g6 19.h4 a4 20.h5 b3 21.cxb3 axb3 22.a3 d5 23.f5 Bb4
24.Qd3 dxe4 25.Qa6 {#r} 1-0

[Event "Ch Mallorca"]
[Site "masterchessopen.com Mallorca (Spain)"]
[Round "4"]
[White "Serra Olives Tomas (ESP)"]
[Black "March Morla Xavier (ESP)"]
[Result "1-0"]
[WhiteElo "2280"]
[BlackElo "2173"]

1.e4 c5 2.Nf3 d6 3.d4 cxd4 4.Nxd4 Nf6 5.Nc3 Nc6 6.Bg5 e6 7.Qd2 a6 8.O-O-O Bd7
9.f4 Qb6 10.Nb3 O-O-O 11.Bh4 Qc7 12.g4 h6 13.h3 Be7 14.Bg2 g5 15.Bg3 gxf4
16.Bxf4 Ne5 17.Kb1 h5 18.g5 Nh7 19.h4 Nf8 20.Rh3 Nfg6 21.Bh2 Kb8 22.Bg1 Ka8
23.Nc1 Qb8 24.Bf1 Rc8 25.Nb5 Bxb5 26.Bxb5 Nc4 27.Qb4 Qc7 28.Rc3 d5 29.Qa4 Kb8
30.exd5 axb5 {#r} 1-0

[Event "It (open)"]
[Site "masterchessopen.com Nova Gorica (Slovenia)"]
[Round "8"]
[White "Bednarich Jan (ITA)"]
[Black "Jankovic Alojzije (CRO)"]
[Result "1-0"]
[WhiteElo "2249"]
[BlackElo "2251"]

1.e4 c5 2.Nf3 Nc6 3.Nc3 d6 4.d4 cxd4 5.Nxd4 Nf6 6.Bg5 e6 7.Qd2 a6 8.O-O-O Bd7
9.f3 Be7 10.h4 Rc8 11.h5 Nxd4 12.Qxd4 Qa5 13.Bd2 e5 14.Qe3 b5 15.a3 b4 16.axb4
Qa1+ 17.Nb1 Ba4 18.Bc3 h6 19.g3 Qa2 20.Bxa6 O-O 21.Bxc8 Rxc8 22.Qa7 Kf8 23.b3
Nxe4 24.Qxa4 Nxc3 25.Nxc3 {#r} 1-0

[Event "It (open)"]
[Site "masterchessopen.com Pardubice (Czech Republic)"]
[Round "5"]
[White "Stefansson Hannes (ISL)"]
[Black "Filipenko Alexander V (RUS)"]
[Result "0-1"]
[WhiteElo "2575"]
[BlackElo "2421"]

1.e4 c5 2.Nf3 d6 3.d4 cxd4 4.Nxd4 Nf6 5.Nc3 Nc6 6.Bg5 e6 7.Qd2 a6 8.O-O-O Bd7
9.f4 b5 10.Bxf6 gxf6 11.Kb1 b4 12.Nce2 Qb6 13.f5 e5 14.Nxc6 Bxc6 15.Ng3 h5
16.h4 Qc5 17.b3 Bb5 18.Be2 Ke7 19.c3 bxc3 20.Qc2 Rg8 21.Rd5 Qc7 22.Bxb5 Rxg3
23.Rd3 Rxd3 24.Bxd3 Bh6 25.Qe2 Rc8 26.Bc4 Qb6 27.Kc2 Rxc4 {#R} 0-1